000 00669cam a22002413a 4500
001 23494
003 PGUSA
005 20140828083512.0
008 071115s2007||||xxu|||||s|||||000 | eng d
040 _aPGUSA
_beng
042 _adc
050 4 _aG
100 1 _aFrith, Henry,
_d1840-
245 1 0 _aNotable Voyagers, From Columbus to Nordenskiold
_h[electronic resource] /
_cHenry Frith
260 _bProject Gutenberg,
_c2007
506 _aPublic domain in the USA.
516 _aElectronic text
653 _aExplorers
653 _aVoyages and travels
830 0 _aProject Gutenberg
_v23494
856 4 0 _uhttp://www.gutenberg.org/ebooks/23494
942 _cEB
999 _c252749
_d252749